00462nam a2200133Ia 4500008004100000100002300041245005300064245006100117260005300178260000900231300001200240650001500252856006100267170221s9999 xx 000 0 und d aAbd M. Alkhawaldeh aBrand Equity and Brand Loyalty: New Perspective  cAbd M. Alkhawaldeh, Salniza Md. Salleh, Fairol Bin Halim bInternational Review of Management and Marketing c2016 a15 : 20 xMarketing. uhttp://www.econjournals.com/index.php/irmm/issue/view/88